11 STEP WATERCOLOUR FLOWERS & PLANTS : PAINT 25 BEAUTIFULLY DETAILED FLOWERS IN 10 EASY STEPS (Record no. 933672)

MARC details
000 -LEADER
fixed length control field 00345nam a2200109Ia 4500
008 - FIXED-LENGTH DATA ELEMENTS--GENERAL INFORMATION
fixed length control field 231120s2022 xx 000 0 und d
041 ## - LANGUAGE CODE
Language code of text/sound track or separate title eng
100 ## - MAIN ENTRY--PERSONAL NAME
Personal name ELEANOR LONGHURST
245 ## - TITLE STATEMENT
Title 11 STEP WATERCOLOUR FLOWERS & PLANTS : PAINT 25 BEAUTIFULLY DETAILED FLOWERS IN 10 EASY STEPS
260 ## - PUBLICATION, DISTRIBUTION, ETC.
Place of publication, distribution, etc. SEARCH PRESS
Name of publisher, distributor, etc. SEARCH PRESS
Date of publication, distribution, etc. 2022
300 ## - PHYSICAL DESCRIPTION
Extent P-128
Holdings
Withdrawn status Lost status Damaged status Not for loan Home library Current library Date acquired Cost, normal purchase price Total Checkouts Barcode Date last seen Price effective from Koha item type
        College of Fine Arts, Pune College of Fine Arts, Pune 21/11/2023 1273.00   FAP-BVA-516 21/11/2023 21/11/2023 Book